000 00860nas a2200265 4500
001 BR8903178
003 BR-BrBNA
005 20231205091621.0
007 ta
008 230509b bl.|||p| |||| 00| 00por d
040 _aBR-BrBNA
_bpor
_cBiblioteca Nacional de Agricultura
041 _a(Pt)
072 _aH10
100 1 _aMachado, V.
100 1 _aDiehl-Fleig, E.
100 1 _aSilva, M.E.
100 1 _aLucchese, M.E.P.
245 1 _aReacoes observadas em colonias de algumas especies de Acromyrmex (Hymenoptera - Formicidae)quando inoculadas com fungos entomopatogenicos
650 _aFORMIGA
650 _aPRAGA DE PLANTA
650 _aFUNGO PARA CONTROLE BIOLOGICO
773 0 _tCiencia e Cultura (Brazil)
_xISSN 0009-6725
_g(Nov 1988), v. 40(11) p. 1106-1108
_wBR8903178
909 _a202311
_bLúcia
_c55
_dLúcia Elande
942 _2AGRIS
_n0
_cANA
999 _c126203
_d126203